Normal view
MARC view
- Silverman, Joseph .H Tate, John
Entry Personal Name
001 - CONTROL NUMBER
- control field: 62540
003 - CONTROL NUMBER IDENTIFIER
- control field: NUST
005 - DATE AND TIME OF LATEST TRANSACTION
- control field: 20210628202945.0
008 - FIXED-LENGTH DATA ELEMENTS
- fixed length control field: 210628|| aca||aabn | a|a d
040 ## - CATALOGING SOURCE
- Original cataloging agency: NUST
- Transcribing agency: NUST
100 ## - HEADING--PERSONAL NAME
- Personal name: Silverman, Joseph .H Tate, John
670 ## - SOURCE DATA FOUND
- Source citation: Work cat.: (NUST): Silverman, Joseph .H Tate, John, Rational points on elliptic curves, 2005
